<?xml version="1.0" encoding="UTF-8"?>
<record
    xmlns:xsi="http://www.w3.org/2001/XMLSchema-instance"
    xsi:schemaLocation="http://www.loc.gov/MARC21/slim http://www.loc.gov/standards/marcxml/schema/MARC21slim.xsd"
    xmlns="http://www.loc.gov/MARC21/slim">

  <leader>02908cam a2200289   4500500</leader>
  <controlfield tag="005">20250121212300.0</controlfield>
  <datafield tag="041" ind1=" " ind2=" ">
    <subfield code="a">fre</subfield>
  </datafield>
  <datafield tag="042" ind1=" " ind2=" ">
    <subfield code="a">dc</subfield>
  </datafield>
  <datafield tag="100" ind1="1" ind2="0">
    <subfield code="a">Garcia-Debanc, Claudine</subfield>
    <subfield code="e">author</subfield>
  </datafield>
  <datafield tag="245" ind1="0" ind2="0">
    <subfield code="a">Dire de faire &#xE0; des enfants&#xA0;: le r&#xF4;le de l&#x2019;architecture textuelle dans des textes injonctifs adress&#xE9;s aux enfants (r&#xE8;gles de jeu et consignes scolaires)</subfield>
  </datafield>
  <datafield tag="260" ind1=" " ind2=" ">
    <subfield code="c">2021.
							</subfield>
  </datafield>
  <datafield tag="500" ind1=" " ind2=" ">
    <subfield code="a">70</subfield>
  </datafield>
  <datafield tag="520" ind1=" " ind2=" ">
    <subfield code="a">La mise en forme typodispositionnelle et l&#x2019;architecture textuelle (Virbel&#xA0;1985) jouent un r&#xF4;le important pour la compr&#xE9;hension et la m&#xE9;morisation d&#x2019;instructions. La signalisation de l&#x2019;architecture textuelle se r&#xE9;alise par des marques linguistiques ou par une mise en forme typodispositonnelle (titres, sous-titres, gras, tirets,&#xA0;etc.). Un protocole exp&#xE9;rimental portant sur la lecture de r&#xE8;gles de jeu par des enfants (9-12&#xA0;ans) a permis d&#x2019;&#xE9;valuer les effets de diff&#xE9;rentes versions (marquage linguistique vs&#xA0;typodispositionnel) sur la compr&#xE9;hension des instructions, leur m&#xE9;morisation &#xE0; court et &#xE0; moyen termes ou le temps n&#xE9;cessaire pour retrouver une information, au profit de la version la plus typodispositionnelle. Les particularit&#xE9;s des consignes scolaires sont mises en &#xE9;vidence &#xE0; travers une analyse de leur organisation linguistique et spatiale dans un chapitre de manuel de grammaire de fin d&#x2019;&#xE9;cole primaire.</subfield>
  </datafield>
  <datafield tag="520" ind1=" " ind2=" ">
    <subfield code="a">Typodispositional layout and text architecture (Virbel&#xA0;1985) play an important role in understanding and memorisation of instructions. Textual architecture may be signaled by linguistic marks or by the spatial organization of the text. In an experimental protocol, various versions of the same rule (exclusively involving linguistic marks vs.&#xA0;involving numerous typodispositional layout variations as titles and subtitles in bold, dashes,&#xA0;etc.) were submitted to reading, in order to compare the effects of these different versions on the understanding of the instructions, short and medium memorization and time necessary to find an information during the game. The results are significantly better with the most typodispositional one. The particularities of the school instructions are identified through an analysis of the linguistic and spatial organization of instructions in a grammar textbook for the end of primary school.</subfield>
  </datafield>
  <datafield tag="690" ind1=" " ind2=" ">
    <subfield code="a">architecture textuelle</subfield>
  </datafield>
  <datafield tag="690" ind1=" " ind2=" ">
    <subfield code="a">exp&#xE9;rimentations psycholinguistiques</subfield>
  </datafield>
  <datafield tag="690" ind1=" " ind2=" ">
    <subfield code="a">compr&#xE9;hension en lecture</subfield>
  </datafield>
  <datafield tag="690" ind1=" " ind2=" ">
    <subfield code="a">analyse de manuels de grammaire</subfield>
  </datafield>
  <datafield tag="690" ind1=" " ind2=" ">
    <subfield code="a">discours proc&#xE9;duraux</subfield>
  </datafield>
  <datafield tag="690" ind1=" " ind2=" ">
    <subfield code="a">psycholinguistic experimentation</subfield>
  </datafield>
  <datafield tag="690" ind1=" " ind2=" ">
    <subfield code="a">textual architecture</subfield>
  </datafield>
  <datafield tag="690" ind1=" " ind2=" ">
    <subfield code="a">procedural discourse</subfield>
  </datafield>
  <datafield tag="690" ind1=" " ind2=" ">
    <subfield code="a">reading comprehension</subfield>
  </datafield>
  <datafield tag="690" ind1=" " ind2=" ">
    <subfield code="a">grammar textbook analysis</subfield>
  </datafield>
  <datafield tag="786" ind1="0" ind2=" ">
    <subfield code="n">Langages | 221 | 1 | 2021-03-23 | p. 23-36 | 0458-726X</subfield>
  </datafield>
  <datafield tag="856" ind1="4" ind2="1">
    <subfield code="u">https://shs.cairn.info/revue-langages-2021-1-page-23?lang=fr&amp;redirect-ssocas=7080</subfield>
  </datafield>
  <datafield tag="999" ind1=" " ind2=" ">
    <subfield code="c">697597</subfield>
    <subfield code="d">697597</subfield>
  </datafield>
</record>
